Babar (Registo nº 1936)
[ vista simples ]
| 000 -Etiqueta do registo | |
|---|---|
| Cabeçalho | 00696nam a22002651 4500 |
| 005 - Identificador da versão | |
| Campo de controlo | 20240813121920.0 |
| 010 ## - Número internacional normalizado dos livros (ISBN) | |
| Número (ISBN) | 9725532120 |
| 021 ## - Número do Depósito Legal | |
| Código do país | PT |
| Número | 47946/91 |
| 100 ## - Dados gerais de processamento | |
| Dados gerais de processamento | 20070530d1991 bc y0pory5003 ba |
| 102 ## - Pais de publicação ou produção | |
| País de publicação | Portugal |
| 101 0# - Língua de publicação | |
| Língua do texto, banda sonora, etc. | Português |
| 106 ## - Campo de dados codificados: material textual | |
| Dados codificados do material textual | r |
| 105 ## - Campo de dados codificados: livros | |
| Dados codificados dos livros | a z 000fy |
| 215 ## - Descrição física | |
| Indicação específica da natureza do documento e extensão da espécie | [24] p. |
| Outras indicações físicas | muito il. |
| Dimensões | 21 cm |
| 200 1# - Titulo e menção de responsabilidade | |
| Título próprio | Babar |
| Informação de outro título | viagem à lua |
| Primeira menção de responsabilidade | Laurent de Brunhoff |
| 225 2# - Colecção | |
| Título próprio da colecção | Babar |
| Indicação de volume | 1º |
| 210 ## - Publicação, Distribuição, etc. | |
| Lugar da edição, distribuição, etc. | [Lisboa] |
| Nome do editor, distribuidor, etc. | Verbo |
| Data da publicação, distribuição, etc. | D.L. 1991 |
| 606 ## - Nome comum usado como assunto | |
| Número de registo de entrada de autoridade | 0000001 |
| Palavra de ordem | Literatura estrangeira infantil |
| Subdivisão de assunto | Conto |
| 675 ## - Classificação Decimal Universal (CDU) | |
| Notação | 82-34 |
| Edição | 2ª |
| Língua da edição | por |
| 700 #1 - Nome de autor-pessoa física (responsabilidade principal) | |
| Número de registo de entrada de autoridade | 0000554 |
| Palavra de ordem | Brunhoff |
| Outra parte do nome não tomada para palavra de ordem | Laurent de |
| 942 ## - Elementos de entrada adicionados (Koha) | |
| Tipo de item no Koha | Livro |
| Situação do levantamento | Origin of item (home branch) (coded) | Biblioteca de empréstimo | Código de barras | Cota | Circulation type (not for loan) | Tipo de documento | Nota do exemplar | Damaged status |
|---|---|---|---|---|---|---|---|---|
| Biblioteca Escolar da Coca Maravilhas | Biblioteca Escolar da Coca Maravilhas | BECM1448/92 | 8EST BRU | Livro | Sem mensagem |
